| 000 | 00635cam a2200217u 4500 | ||
|---|---|---|---|
| 001 | 10443701 | ||
| 003 | ARRUPE | ||
| 005 | 20170112090610.0 | ||
| 008 | 810508s1966 gw 000 0 ger | ||
| 010 | _a 77350362 | ||
| 040 |
_aDLC _cCarP _dDLC |
||
| 050 | 0 | 0 | _aB2844.B4 1962 |
| 100 | 1 |
_aFichte, Johann Gottlieb, _d1762-1814. _93964 |
|
| 245 | 1 | 4 |
_aDie Bestimmung des Menschen. _cby Fichte, Johann Gottlieb, |
| 260 |
_aHamburg _bVerlag von Felix Meiner _c1962 |
||
| 300 |
_a192p.; _c19cm. |
||
| 650 | 0 |
_aMan _917934 |
|
| 650 | 0 |
_aFaith. _928275 |
|
| 906 |
_a0 _bcbc _cpremunv _du _encip _f19 _gy-gencatlg |
||
| 942 |
_2lcc _cMONOGRAPH |
||
| 999 |
_c125958 _d125958 |
||